Statistics for Top Renewable Electricity Producers

Click here to take the quiz!

General Stats

  • This quiz has been taken 741 times
    (605 since last reset)
  • The average score is 13 of 20

Answer Stats

Total Electricity (TWh) Answer % Correct
541.0United States
99%
576.8China
97%
136.1Germany
96%
22.5United Kingdom
94%
374.5Canada
93%
165.1Russia
92%
409.8Brazil
91%
95.0Japan
91%
29.3Australia
89%
75.3Italy
86%
33.1New Zealand
74%
69.6Turkey
64%
16.8Iceland
55%
28.2Portugal
52%
85.8Venezuela
29%
18.4Romania
27%
5.5Bulgaria
24%
6.4Czech Republic
23%
54.9Paraguay
14%
3.9Albania
7%

Score Distribution

Percentile by Number Answered

Percent of People with Each Score

Your Score History

You have not taken this quiz since the last reset